Putera Laszlo Dan Gadis Berkulit Hitam

Bibliographic Details
Main Author: Syed Hamzah Syed Bakar (authour)
Format: Book
Published: Kuala Lumpur : Syarikat Makmur Enterprise , 1994
Series:Siri Dongeng Si Kecil
Subjects:

MARC

LEADER 00000cam a2200000 7i4500
001 0000087486
005 20180515.0
008 100526s1994 myag 0001 bm
020 |a 9838430439 
040 |a PERPUSTAM   |b eng   |c PERPUSTAM   |e rda 
090 0 0 |a J 398.2   |b SIR 
100 0 |a Syed Hamzah Syed Bakar ,   |e authour 
245 1 0 |a Putera Laszlo Dan Gadis Berkulit Hitam   |c Syed Hamzah Syed Bakar 
260 |a Kuala Lumpur :   |b Syarikat Makmur Enterprise ,   |c 1994 
300 |a 32 pages. :   |b colour illustration. ;   |c 19 cm. 
336 |a text, rdacontent 
337 |a unmediated  |2 rdamedia 
338 |a voloum  |2 rdacarrier 
490 1 |a SIRI DONGENG SI KECIL 
650 0 0 |a Folklore 
830 0 |a Siri Dongeng Si Kecil 
999 |a 0000110553   |b Buku   |c Koleksi Pinjaman Kanak-Kanak   |e Perpustakaan Cawangan Masjid Tanah 
999 |a 0000313492   |b Buku   |c Junior Fiction   |e Perbadanan Perpustakaan Awam Melaka 
999 |a 0000409325   |b Buku   |c Koleksi Pinjaman Kanak-Kanak   |e Perpustakaan Cawangan Jasin 
999 |a 0000480146   |b Buku   |c Koleksi Pinjaman Kanak-Kanak   |e Perbadanan Perpustakaan Awam Melaka